Renovate Innovate : Reclaimed and Upcycled Homes /

Guardado en:
Detalles Bibliográficos
Autor principal: Edwards, Antonia (Autor)
Formato: Libro
Lenguaje:inglés
Publicado: Munich : Prestel Verlag, 2017
London : Prestel Publishing Ltd., 2017
New York : 2017
Edición:1. vydanie
Materias:
Etiquetas: Agregar Etiqueta
Sin Etiquetas, Sea el primero en etiquetar este registro!

MARC

LEADER 00000nam a22000003a 4500
001 0065317
003 SK-STU
005 20190328170404.3
007 ta
008 180531s ----xo-----e------000-0-----d
020 |a 978-3-7913-8309-5 
040 |a STU  |b slo 
041 0 |a eng 
044 |a gw 
100 1 |a Edwards, Antonia  |4 aut  |r Z6 
245 1 0 |a Renovate Innovate :  |b Reclaimed and Upcycled Homes /  |c aut. Antonia Edwards 
250 |a 1. vydanie 
260 |a Munich :  |b Prestel Verlag,  |c 2017 
260 |a London :  |b Prestel Publishing Ltd.,  |c 2017 
260 |a New York :  |b Prestel Publishing Ltd.,  |c 2017 
300 |a 256 s. 
650 0 7 |a rekonštrukcie budov 
650 0 7 |a obytné budovy 
650 0 7 |a pavilón 
650 0 7 |a Stavby malé 
650 0 7 |a renovácia 
650 0 7 |a Amerika 
650 0 7 |a Európa 
650 0 7 |a interiéry 
996 |b 284AU07531  |c A* 10779/U  |l AAKNST  |s P  |a 0  |w 0065317_0001